The Impact of Brexit on the Economy of Great Britain

Salvato in:
Dettagli Bibliografici
Autore principale: Bango, Adrián, 1998-
Natura: Capitolo di libro
Lingua:inglese
Soggetti:
Tags: Aggiungi Tag
Nessun Tag, puoi essere il primo ad aggiungerne!!

MARC

LEADER 00000naa$a2200000$$$4500
001 0290293
005 20240502074446.7
041 0 |a eng 
044 |a SK 
245 1 0 |a The Impact of Brexit on the Economy of Great Britain  |c Adrián Bango 
500 |a Abstrakt 
610 2 0 |a produkt domáci hrubý 
610 2 0 |a brexit 
610 2 0 |a Veľká Británia 
100 1 |a Bango, Adrián, 1998-